[Event "ITA-ch U20"]
[Site "Fiuggi"]
[Date "2007.07.22"]
[Round "5"]
[White "Lettieri, Giuseppe"]
[Black "Frilli, Guido"]
[Result "1/2-1/2"]
[WhiteElo "2293"]
[BlackElo "2168"]
[PlyCount "210"]
[EventDate "2007.07.18"]
[EventType "swiss"]
[EventRounds "9"]
[EventCountry "ITA"]
[SourceTitle "CBM 119 Extra"]
[Source "ChessBase"]
[SourceDate "2007.09.04"]
[SourceVersion "1"]
[SourceVersionDate "2007.09.04"]
[SourceQuality "1"]

1. d4 Nf6 2. c4 e6 3. Nc3 Bb4 4. Qc2 0-0 5. Bg5 h6 6. Bh4 c5 7. e3 d5 8. Nf3 cxd4 9. exd4 Nc6 10. a3 Be7 11. c5 b6 12. Bb5 Bb7 13. Bxc6 Bxc6 14. b4 bxc5 15. bxc5 Nd7 16. Bg3 e5 17. Bxe5 Bxc5 18. 0-0 Bb6 19. Bg3 Rc8 20. Qd3 Nf6 21. Ne5 Ne4 22. Ne2 Ba4 23. Rfc1 Bd7 24. Bf4 Be6 25. a4 Nd6 26. a5 Bc7 27. Nc6 Qd7 28. Nxa7 Ra8 29. Bxd6 Qxd6 30. Rxc7 Qxc7 31. Nb5 Qb7 32. Nbc3 Ra6 33. Nf4 Rfa8 34. Rb1 Qc6 35. Qg3 Rxa5 36. Nh5 g6 37. Nf6+ Kf8 38. h3 Ra1 39. Rxa1 Rxa1+ 40. Kh2 Ra8 41. Ne2 Bf5 42. Qe5 Qe6 43. Nh7+ Ke7 44. Qc7+ Qd7 45. Qe5+ Be6 46. Qf6+ Kd6 47. Nf4 Kc6 48. Nd3 Qc7+ 49. Ne5+ Kb7 50. Qf3 Ra5 51. Nf8 Rb5 52. Nxe6 fxe6 53. g3 Rb2 54. Kg2 Qc2 55. Nd3 Rb1 56. Qf7+ Kb8 57. Qe8+ Ka7 58. Qe7+ Rb7 59. Qa3+ Kb8 60. Qd6+ Ka7 61. Ne5 Rg7 62. Qa3+ Kb8 63. Qb4+ Ka8 64. Qa5+ Kb8 65. Qb5+ Ka8 66. Qa5+ Kb8 67. Qe1 Qf5 68. Qe3 Qc2 69. Nd3 Rc7 70. Nf4 Qe4+ 71. Qxe4 dxe4 72. Nxg6 Rd7 73. Nf4 Rd6 74. Kf1 Rxd4 75. Nxe6 Rc4 76. Ke2 Kc8 77. Ke3 Kd7 78. Nd4 Kd6 79. Nf5+ Ke5 80. Nxh6 Rc3+ 81. Ke2 Rc2+ 82. Kf1 Ra2 83. Ng4+ Kd4 84. h4 Ra5 85. Ne3 Rb5 86. Kg2 Rh5 87. g4 Rh8 88. Kg3 Ke5 89. Nc4+ Kd5 90. Ne3+ Ke5 91. g5 Rf8 92. Nc4+ Kf5 93. Ne3+ Ke5 94. Ng4+ Kf5 95. Nh2 Ra8 96. Nf1 Rf8 97. Nd2 Rd8 98. Nc4 Rf8 99. Nb6 Rb8 100. Nd5 Ke5 101. Ne7 Re8 102. Ng6+ Kf5 103. Nf4 Ra8 104. Nd5 Ke5 105. Ne3 Rf8 1/2-1/2

[Event "ITA-ch U20"]
[Site "Fiuggi"]
[Date "2007.07.20"]
[Round "3"]
[White "Stella, Andrea"]
[Black "Frilli, Guido"]
[Result "1/2-1/2"]
[WhiteElo "2114"]
[BlackElo "2168"]
[PlyCount "27"]
[EventDate "2007.07.18"]
[EventType "swiss"]
[EventRounds "9"]
[EventCountry "ITA"]
[SourceTitle "CBM 119 Extra"]
[Source "ChessBase"]
[SourceDate "2007.09.04"]
[SourceVersion "1"]
[SourceVersionDate "2007.09.04"]
[SourceQuality "1"]

1. d4 Nf6 2. c4 e6 3. Nc3 Bb4 4. Qc2 0-0 5. a3 Bxc3+ 6. Qxc3 b6 7. Nf3 Ne4 8. Qc2 Bb7 9. e3 f5 10. Bd3 d6 11. 0-0 Nd7 12. Nd2 Qh4 13. f3 Ng5 14. d5 1/2-1/2

[Event "Bratto op 26th"]
[Site "Bratto"]
[Date "2006.08.24"]
[Round "6"]
[White "Frilli, Guido"]
[Black "Bentivegna, Francesco"]
[Result "0-1"]
[WhiteElo "2154"]
[BlackElo "2269"]
[PlyCount "112"]
[EventDate "2006.08.19"]
[EventType "swiss"]
[EventRounds "9"]
[EventCountry "ITA"]
[SourceTitle "CBM 113 Extra"]
[Source "ChessBase"]
[SourceDate "2006.09.14"]
[SourceVersion "1"]
[SourceVersionDate "2006.09.14"]
[SourceQuality "1"]

1. e4 e5 2. Nf3 Nc6 3. Nc3 Nf6 4. Bb5 Nd4 5. Ba4 Bc5 6. d3 0-0 7. 0-0 d6 8. h3 c6 9. Nxd4 Bxd4 10. Ne2 Bb6 11. c3 d5 12. Ng3 Be6 13. Qe2 Re8 14. Rd1 Nd7 15. Bc2 f6 16. Qh5 g6 17. Qf3 Qe7 18. Nf1 f5 19. exf5 Bxf5 20. Ne3 Rf8 21. Qg3 Be6 22. Rf1 Nf6 23. Qh4 Qf7 24. Ng4 Nxg4 25. hxg4 Qd7 26. Bh6 Rf7 27. Rae1 Bc7 28. f3 c5 29. Bb3 b5 30. Be3 c4 31. Bc2 d4 32. Bc1 dxc3 33. dxc4 Bxc4 34. Rd1 Qe7 35. Qxe7 Rxe7 36. Bb3 Bb6+ 37. Kh1 c2 38. Bxc4+ bxc4 39. Rd2 e4 40. fxe4 Rxe4 41. Rxc2 Rf8 42. Rxf8+ Kxf8 43. Kh2 Rxg4 44. b3 cxb3 45. axb3 Kf7 46. Ba3 Rg5 47. Rc4 h5 48. Bd6 Rd5 49. Bb8 Rd7 50. Rc6 Bd4 51. Bf4 Bf6 52. Rc5 Ke6 53. Ra5 Bd4 54. Rg5 Kf7 55. Rb5 Bb6 56. Bb8 Rb7 0-1

[Event "Bratto op 26th"]
[Site "Bratto"]
[Date "2006.08.22"]
[Round "4"]
[White "Lampl, Gerald"]
[Black "Frilli, Guido"]
[Result "1/2-1/2"]
[WhiteElo "1826"]
[BlackElo "2154"]
[PlyCount "96"]
[EventDate "2006.08.19"]
[EventType "swiss"]
[EventRounds "9"]
[EventCountry "ITA"]
[SourceTitle "CBM 113 Extra"]
[Source "ChessBase"]
[SourceDate "2006.09.14"]
[SourceVersion "1"]
[SourceVersionDate "2006.09.14"]
[SourceQuality "1"]

1. e4 c5 2. Nf3 Nc6 3. d4 cxd4 4. Nxd4 Nf6 5. Nc3 e5 6. Ndb5 d6 7. Bg5 a6 8. Na3 b5 9. Nd5 Be7 10. Bxf6 Bxf6 11. c3 0-0 12. Nc2 Rb8 13. h4 Be7 14. Bd3 Be6 15. Nce3 Qd7 16. a4 Bd8 17. axb5 axb5 18. Qe2 b4 19. Bb5 Qb7 20. Bxc6 Qxc6 21. Ra6 Qc5 22. c4 b3 23. Qd2 f5 24. exf5 Bxf5 25. Nxf5 Rxf5 26. Ne3 Rf7 27. Qxd6 Qxd6 28. Rxd6 Be7 29. Rd5 Ba3 30. bxa3 b2 31. Ke2 b1Q 32. Rxb1 Rxb1 33. Rxe5 Rb2+ 34. Kd3 Rfxf2 35. a4 Ra2 36. a5 Ra3+ 37. Kd4 Rd2+ 38. Ke4 Rda2 39. Nf5 Re2+ 40. Kd4 Rxe5 41. Kxe5 Rxa5+ 42. Ke6 Kf8 43. g4 g6 44. Nd6 Rc5 45. Kf6 Rc6 46. Ke6 Rc7 47. Kd5 Ke7 48. c5 Kd7 1/2-1/2

[Event "Bratto op 26th"]
[Site "Bratto"]
[Date "2006.08.21"]
[Round "3"]
[White "Frilli, Guido"]
[Black "Mogranzini, Roberto"]
[Result "0-1"]
[WhiteElo "2154"]
[BlackElo "2352"]
[PlyCount "100"]
[EventDate "2006.08.19"]
[EventType "swiss"]
[EventRounds "9"]
[EventCountry "ITA"]
[SourceTitle "CBM 113 Extra"]
[Source "ChessBase"]
[SourceDate "2006.09.14"]
[SourceVersion "1"]
[SourceVersionDate "2006.09.14"]
[SourceQuality "1"]

1. e4 c5 2. c3 Nf6 3. e5 Nd5 4. Nf3 e6 5. Na3 d6 6. exd6 Bxd6 7. Nc4 Be7 8. d4 cxd4 9. Nxd4 Nd7 10. Bd3 N7f6 11. 0-0 0-0 12. Qe2 Bd7 13. Ne5 Be8 14. Rd1 Qc7 15. c4 Nb4 16. Bb1 Rd8 17. Bf4 Qb6 18. Ndf3 Rxd1+ 19. Qxd1 Nc6 20. a3 Qxb2 21. Ra2 Qb6 22. Qd3 Qd8 23. Qc2 Nxe5 24. Nxe5 Qa5 25. Qe2 Ba4 26. Rd2 Rd8 27. Rxd8+ Qxd8 28. Be3 a6 29. Bc1 Qd1+ 30. Qxd1 Bxd1 31. h3 h6 32. Bb2 Kf8 33. Kf1 Ba4 34. g4 Ke8 35. Ke2 Bf8 36. Kd3 Nd7 37. Nxd7 Kxd7 38. Kc3 Bc6 39. h4 g5 40. hxg5 hxg5 41. Bc1 Bf3 42. Bxg5 Bxa3 43. Be3 Bxg4 44. Kb3 Bd6 45. Be4 Kc7 46. c5 Be5 47. f4 Bg7 48. Kb4 f5 49. Bc2 e5 50. Bb3 Bh6 0-1

[Event "ITA-ch U20"]
[Site "Bratto"]
[Date "2005.08.24"]
[Round "5"]
[White "Frilli, Guido"]
[Black "Tomba, Ivan"]
[Result "1-0"]
[WhiteElo "2120"]
[BlackElo "2232"]
[PlyCount "81"]
[EventDate "2005.08.20"]
[EventType "swiss"]
[EventRounds "9"]
[EventCountry "ITA"]
[SourceTitle "EXT 2006"]
[Source "ChessBase"]
[SourceDate "2005.11.24"]
[SourceVersion "1"]
[SourceVersionDate "2005.11.24"]
[SourceQuality "1"]

1. e4 c5 2. c3 d5 3. exd5 Qxd5 4. d4 Nc6 5. Nf3 cxd4 6. cxd4 e5 7. Nc3 Bb4 8. Bd2 Bxc3 9. Bxc3 e4 10. Ne5 Nxe5 11. dxe5 Ne7 12. Qa4+ Bd7 13. Qb4 a5 14. Qa3 Qe6 15. Rd1 0-0 16. Qd6 Rfd8 17. Be2 Nc6 18. a3 Qb3 19. Qc5 b6 20. Qe3 Bf5 21. 0-0 Ne7 22. Qg5 Qe6 23. Rd6 Rxd6 24. exd6 f6 25. Qd2 Nc6 26. Rd1 Rd8 27. Bb5 Ne5 28. Qd5 Nf7 29. d7 Qxd5 30. Rxd5 Be6 31. Rd2 Kf8 32. b4 Rb8 33. Bc6 Bf5 34. bxa5 bxa5 35. h3 Nd8 36. Ba4 Ra8 37. Bd4 Ne6 38. Bb6 Ke7 39. Bb3 e3 40. fxe3 Rb8 41. Bxe6 1-0

[Event "Genova op 9th"]
[Site "Genova"]
[Date "2005.08.08"]
[Round "1"]
[White "Frilli, Guido"]
[Black "Ranola, Yves"]
[Result "0-1"]
[WhiteElo "2120"]
[BlackElo "2466"]
[PlyCount "98"]
[EventDate "2005.08.08"]
[EventType "swiss"]
[EventRounds "9"]
[EventCountry "ITA"]
[SourceTitle "CBM 107 Extra"]
[Source "ChessBase"]
[SourceDate "2005.09.01"]
[SourceVersion "1"]
[SourceVersionDate "2005.09.01"]
[SourceQuality "1"]

1. e4 c5 2. Nf3 Nc6 3. c3 Nf6 4. e5 Nd5 5. Na3 d6 6. exd6 e6 7. Nc4 Bxd6 8. Nxd6+ Qxd6 9. d4 cxd4 10. Nxd4 0-0 11. Be2 Nxd4 12. Qxd4 e5 13. Qh4 Be6 14. 0-0 f5 15. Rd1 Qc6 16. c4 Nf6 17. b3 Qc7 18. Bb2 Rf7 19. Qg3 Nd7 20. Qd3 Re8 21. Qc3 Rfe7 22. Bh5 Bf7 23. Bxf7+ Rxf7 24. Rd5 Rfe7 25. c5 Nf6 26. Rd3 Kh8 27. b4 e4 28. Rg3 e3 29. Rxe3 Rxe3 30. fxe3 Ng4 31. g3 h5 32. Qd3 Rxe3 33. Qd6 Qf7 34. Rd1 Kh7 35. Qd4 Qe7 36. Rf1 Re4 37. Qd6 Qf7 38. Qd3 Qe6 39. Bc3 Qxa2 40. Bd2 Qe6 41. b5 h4 42. Rf4 h3 43. Rxe4 fxe4 44. Qc2 Qf5 45. Bf4 g5 46. Bc1 Ne5 47. c6 Nf3+ 48. Kh1 Nd4 49. Qd1 e3 0-1

[Event "Cattolica op"]
[Site "Cattolica"]
[Date "2005.06.18"]
[Round "8"]
[White "Frilli, Guido"]
[Black "Meijers, Viesturs"]
[Result "0-1"]
[WhiteElo "2117"]
[BlackElo "2486"]
[PlyCount "76"]
[EventDate "2005.06.11"]
[EventType "swiss"]
[EventRounds "9"]
[EventCountry "ITA"]
[SourceTitle "EXT 2007"]
[Source "ChessBase"]
[SourceDate "2006.11.23"]
[SourceVersion "1"]
[SourceVersionDate "2006.11.23"]
[SourceQuality "1"]

1. e4 c5 2. Nf3 e6 3. d3 a6 4. g3 b5 5. Bg2 Bb7 6. 0-0 Be7 7. Qe2 Nc6 8. c3 d5 9. e5 h5 10. h4 Nh6 11. Bf4 Nf5 12. Nbd2 g6 13. Rfd1 a5 14. Nf1 a4 15. Ne3 Ng7 16. Ng5 Qd7 17. Rac1 a3 18. bxa3 Rxa3 19. Qb2 Ra5 20. c4 Nd4 21. Qd2 b4 22. cxd5 exd5 23. Ra1 0-0 24. Nc2 Nxc2 25. Qxc2 Nf5 26. Re1 Nd4 27. Qb2 Qb5 28. Be3 Nf5 29. e6 f6 30. Nh3 d4 31. Bxb7 Qxb7 32. Bd2 Rfa8 33. Nf4 Kg7 34. Ne2 Qf3 35. Nc1 Nxg3 36. fxg3 Qxg3+ 37. Kf1 c4 38. dxc4 Rf5+ 0-1

[Event "Cattolica op"]
[Site "Cattolica"]
[Date "2005.06.17"]
[Round "7"]
[White "Radovanovic, Jovica"]
[Black "Frilli, Guido"]
[Result "0-1"]
[WhiteElo "2340"]
[BlackElo "2117"]
[PlyCount "106"]
[EventDate "2005.06.11"]
[EventType "swiss"]
[EventRounds "9"]
[EventCountry "ITA"]
[SourceTitle "EXT 2007"]
[Source "ChessBase"]
[SourceDate "2006.11.23"]
[SourceVersion "1"]
[SourceVersionDate "2006.11.23"]
[SourceQuality "1"]

1. e4 c5 2. Nf3 Nc6 3. d4 cxd4 4. Nxd4 Nf6 5. Nc3 e5 6. Ndb5 d6 7. Bg5 a6 8. Na3 b5 9. Nd5 Be7 10. Bxf6 Bxf6 11. c3 0-0 12. Nc2 Rb8 13. Bd3 Be6 14. 0-0 Bg5 15. Nce3 Bxe3 16. Nxe3 Ne7 17. Bc2 Qc7 18. Qd3 Bc4 19. Qd2 Bxf1 20. Rxf1 Qc5 21. Rd1 Rbd8 22. Bb3 a5 23. Nf5 Nxf5 24. exf5 d5 25. Bxd5 Kh8 26. b3 Rd6 27. c4 bxc4 28. bxc4 Rb6 29. g4 h6 30. h4 Qa3 31. Kg2 Rb2 32. Qe1 Qe7 33. Qe3 Qxh4 34. Bf3 e4 35. Be2 Qe7 36. Rh1 Kg8 37. c5 Rd8 38. Bc4 Rdd2 39. Rf1 Qh4 40. Qf4 h5 41. Qg3 Qxg3+ 42. Kxg3 Rbc2 43. Bb3 Rxc5 44. Kf4 hxg4 45. Kxg4 Rd4 46. Kf4 a4 47. Ke3 Rb4 48. Bd1 Rc3+ 49. Kf4 Ra3 50. f6 Rxa2 51. fxg7 Kxg7 52. Kf5 Rd2 53. Ke5 Rb1 0-1

[Event "Cattolica op"]
[Site "Cattolica"]
[Date "2005.06.16"]
[Round "6"]
[White "Frilli, Guido"]
[Black "Safranska, Anda"]
[Result "1/2-1/2"]
[WhiteElo "2117"]
[BlackElo "2298"]
[PlyCount "90"]
[EventDate "2005.06.11"]
[EventType "swiss"]
[EventRounds "9"]
[EventCountry "ITA"]
[SourceTitle "EXT 2007"]
[Source "ChessBase"]
[SourceDate "2006.11.23"]
[SourceVersion "1"]
[SourceVersionDate "2006.11.23"]
[SourceQuality "1"]

1. e4 g6 2. d4 c6 3. Nc3 Bg7 4. Be3 d6 5. a4 Nf6 6. h3 a5 7. Nge2 Na6 8. g4 Nb4 9. Bg2 0-0 10. 0-0 e5 11. Qd2 Qe7 12. f4 exf4 13. Bxf4 Ne8 14. Bg5 f6 15. Bh4 Nc7 16. Rad1 Bd7 17. e5 d5 18. Nc1 Ne6 19. N3e2 g5 20. exf6 Bxf6 21. Bg3 Na6 22. c3 Nac7 23. Nd3 Ne8 24. Ne5 Nd6 25. b3 Rad8 26. Nc1 Be8 27. Rde1 Bxe5 28. Rxf8+ Qxf8 29. Rxe5 Bf7 30. Rxe6 Bxe6 31. Qxg5+ Kf7 32. Nd3 Ke8 33. Ne5 Bf7 34. Bh4 Rd7 35. Nxd7 Kxd7 36. Qf6 Qe8 37. Kh2 Bg6 38. Qg7+ Qf7 39. Qh8 Qe8 40. Qg7+ Qf7 41. Qe5 Bc2 42. Qh8 Qe8 43. Qg7+ Qf7 44. Qh8 Qe8 45. Qg7+ Qf7 1/2-1/2

[Event "Cesenatico op 9th"]
[Site "Cesenatico"]
[Date "2004.09.11"]
[Round "8"]
[White "Levang, Paal Kristian"]
[Black "Frilli, Guido"]
[Result "0-1"]
[WhiteElo "1800"]
[BlackElo "2131"]
[PlyCount "100"]
[EventDate "2004.09.04"]
[EventType "swiss"]
[EventRounds "9"]
[EventCountry "ITA"]
[SourceTitle "EXT 2007"]
[Source "ChessBase"]
[SourceDate "2006.11.23"]
[SourceVersion "1"]
[SourceVersionDate "2006.11.23"]
[SourceQuality "1"]

1. Nf3 d5 2. g3 c6 3. Bg2 Bg4 4. d4 Nd7 5. 0-0 e6 6. Re1 Bd6 7. Nbd2 Ngf6 8. c4 0-0 9. e4 dxe4 10. Nxe4 Nxe4 11. Rxe4 Nf6 12. Bg5 Bf5 13. Re2 h6 14. Bxf6 Qxf6 15. c5 Bg4 16. Rd2 Bc7 17. Qb3 Rab8 18. Qa3 a6 19. Qe3 Ba5 20. b4 Bxb4 21. Rb2 Bxf3 22. Rxb4 Bxg2 23. Kxg2 Rfd8 24. Rab1 Rd7 25. Qf3 Kf8 26. Qe4 g6 27. Qe3 Kg7 28. Ra4 Rbd8 29. Rbb4 Re7 30. f4 Rd5 31. Qb3 Qf5 32. Qb1 Qg4 33. Qc2 Red7 34. h3 Qf5 35. Qxf5 gxf5 36. Kf3 f6 37. g4 e5 38. fxe5 fxe5 39. gxf5 exd4 40. Kf4 d3 41. Rb1 d2 42. Rd1 Re7 43. Rb4 Kf6 44. Kg4 Re1 45. Rbb1 Rxd1 46. Rxd1 Rd4+ 47. Kh5 Kxf5 48. Kxh6 Ke4 49. h4 Ke3 50. h5 Ke2 0-1

[Event "Cesenatico op 9th"]
[Site "Cesenatico"]
[Date "2004.09.09"]
[Round "6"]
[White "Frilli, Guido"]
[Black "Guglielmi, Giuseppe"]
[Result "1-0"]
[WhiteElo "2131"]
[BlackElo "1980"]
[PlyCount "87"]
[EventDate "2004.09.04"]
[EventType "swiss"]
[EventRounds "9"]
[EventCountry "ITA"]
[SourceTitle "EXT 2007"]
[Source "ChessBase"]
[SourceDate "2006.11.23"]
[SourceVersion "1"]
[SourceVersionDate "2006.11.23"]
[SourceQuality "1"]

1. e4 c5 2. Nf3 d6 3. c3 Nf6 4. Be2 Nc6 5. d4 Qc7 6. 0-0 Bd7 7. Nbd2 e5 8. dxe5 dxe5 9. Qc2 Be7 10. Nc4 0-0 11. Bg5 Rad8 12. Bh4 Ng4 13. Bxe7 Nxe7 14. h3 b5 15. hxg4 bxc4 16. Nh4 g6 17. g5 Be6 18. Nf3 Nc8 19. Rfd1 Nb6 20. g3 Kg7 21. Kg2 Bg4 22. Nh2 Bxe2 23. Qxe2 Qe7 24. Qe3 Nd7 25. Ng4 f6 26. gxf6+ Nxf6 27. Nxf6 Kxf6 28. Qh6 Qg7 29. Qh4+ g5 30. Qg4 Qg6 31. Qe2 Qf7 32. Rxd8 Rxd8 33. Rd1 Rxd1 34. Qxd1 Kg6 35. Qd6+ Qf6 36. Qxc5 g4 37. Qxc4 Qf3+ 38. Kg1 Qd1+ 39. Kh2 Qd2 40. Qe6+ Kg7 41. Qxe5+ Kg6 42. Qe6+ Kg5 43. Qf5+ Kh6 44. Qf4+ 1-0

[Event "Cesenatico op 9th"]
[Site "Cesenatico"]
[Date "2004.09.05"]
[Round "2"]
[White "Galassi, Federico"]
[Black "Frilli, Guido"]
[Result "1-0"]
[WhiteElo "1943"]
[BlackElo "2131"]
[PlyCount "93"]
[EventDate "2004.09.04"]
[EventType "swiss"]
[EventRounds "9"]
[EventCountry "ITA"]
[SourceTitle "EXT 2007"]
[Source "ChessBase"]
[SourceDate "2006.11.23"]
[SourceVersion "1"]
[SourceVersionDate "2006.11.23"]
[SourceQuality "1"]

1. e4 c5 2. Nc3 Nc6 3. g3 d6 4. Bg2 g6 5. d3 Bg7 6. Be3 e5 7. f4 Nge7 8. Nf3 Nd4 9. 0-0 0-0 10. Qd2 exf4 11. Bxf4 Bg4 12. Rae1 Qd7 13. Nd5 Nxd5 14. exd5 Nxf3+ 15. Bxf3 Bh3 16. Bg2 Bxg2 17. Kxg2 Rfe8 18. h3 b5 19. Rxe8+ Rxe8 20. Re1 h6 21. Rxe8+ Qxe8 22. c4 bxc4 23. dxc4 Qe4+ 24. Kh2 Qe7 25. b3 g5 26. Be3 Qe4 27. Bf2 Be5 28. a3 Qf3 29. b4 cxb4 30. axb4 f5 31. c5 dxc5 32. bxc5 f4 33. g4 Qe3 34. Qe1 Qxe1 35. Bxe1 Kf7 36. Kg2 Ke7 37. Kf3 Kd7 38. Ke4 Bb8 39. Bc3 Bc7 40. Bg7 a5 41. Bb2 a4 42. c6+ Ke7 43. Ba3+ Kd8 44. d6 Bb6 45. Bb2 Kc8 46. d7+ Kc7 47. Kd5 1-0

[Event "Aosta op 12th"]
[Site "Saint Vincent"]
[Date "2004.02.13"]
[Round "7"]
[White "Giffard, Nicolas"]
[Black "Frilli, Guido"]
[Result "1/2-1/2"]
[WhiteElo "2345"]
[BlackElo "2142"]
[PlyCount "44"]
[EventDate "2004.02.08"]
[EventType "swiss"]
[EventRounds "9"]
[EventCountry "ITA"]
[SourceTitle "CBM 098 Extra"]
[Source "ChessBase"]
[SourceDate "2004.03.10"]
[SourceVersion "2"]
[SourceVersionDate "2004.03.10"]
[SourceQuality "1"]

1. Nf3 d5 2. c4 c6 3. Qc2 Nf6 4. g3 Bg4 5. Bg2 Nbd7 6. 0-0 e6 7. d3 Bd6 8. cxd5 cxd5 9. Nc3 a6 10. Bd2 0-0 11. Rfc1 Rc8 12. Qa4 Qe7 13. h3 Bh5 14. Qd1 Rc7 15. a3 Rfc8 16. Rab1 h6 17. b4 b5 18. Qe1 Bg6 19. Nd4 e5 20. Nb3 Nb6 21. e4 dxe4 22. Nxe4 Nxe4 1/2-1/2

[Event "Aosta op 12th"]
[Site "Saint Vincent"]
[Date "2004.02.12"]
[Round "6"]
[White "Frilli, Guido"]
[Black "Dittmar, Peter"]
[Result "1/2-1/2"]
[WhiteElo "2142"]
[BlackElo "2369"]
[PlyCount "46"]
[EventDate "2004.02.08"]
[EventType "swiss"]
[EventRounds "9"]
[EventCountry "ITA"]
[SourceTitle "CBM 098 Extra"]
[Source "ChessBase"]
[SourceDate "2004.03.10"]
[SourceVersion "2"]
[SourceVersionDate "2004.03.10"]
[SourceQuality "1"]

1. e4 e6 2. d3 d5 3. Qe2 dxe4 4. dxe4 e5 5. Nf3 Nc6 6. c3 Nf6 7. Qc2 Bd6 8. Nbd2 0-0 9. Nc4 Bg4 10. Be2 Re8 11. Bg5 h6 12. Bh4 Qe7 13. 0-0 Be6 14. Nfd2 a5 15. Ne3 Nb8 16. Rad1 Nbd7 17. Ndc4 Bc5 18. Nd5 Bxd5 19. exd5 Nf8 20. Bxf6 Qxf6 21. Nxa5 Rxa5 22. b4 Ra3 23. bxc5 Rea8 1/2-1/2

[Event "Aosta op 12th"]
[Site "Saint Vincent"]
[Date "2004.02.09"]
[Round "2"]
[White "Frilli, Guido"]
[Black "Sedina, Elena"]
[Result "0-1"]
[WhiteElo "2142"]
[BlackElo "2393"]
[PlyCount "150"]
[EventDate "2004.02.08"]
[EventType "swiss"]
[EventRounds "9"]
[EventCountry "ITA"]
[SourceTitle "CBM 098 Extra"]
[Source "ChessBase"]
[SourceDate "2004.03.10"]
[SourceVersion "2"]
[SourceVersionDate "2004.03.10"]
[SourceQuality "1"]

1. e4 e6 2. d3 c5 3. Nf3 Nc6 4. g3 Nge7 5. Bg2 g6 6. 0-0 Bg7 7. c3 e5 8. Be3 d6 9. h3 0-0 10. d4 exd4 11. cxd4 d5 12. exd5 Nxd5 13. Bg5 Bf6 14. dxc5 Bxg5 15. Nxg5 Qxg5 16. Qxd5 Qxd5 17. Bxd5 Bxh3 18. Rd1 Nb4 19. Be4 f5 20. a3 fxe4 21. axb4 e3 22. fxe3 Rf3 23. Kh2 Be6 24. Nd2 Rxe3 25. Re1 Rxe1 26. Rxe1 Rd8 27. Ne4 Rd4 28. Nf6+ Kf7 29. Nxh7 Rd2+ 30. Kg1 Bd5 31. Ng5+ Kg7 32. Ne6+ Kf6 33. Nf4 Bc6 34. Re2 Rd4 35. Re6+ Kf5 36. Rxg6 Rxb4 37. Nd3 Rxb2 38. Nxb2 Kxg6 39. Kf2 Kf5 40. Ke3 Bb5 41. Kd4 Kg4 42. Kc3 Kxg3 43. Kb4 Be2 44. Na4 Kf4 45. Nc3 Ke3 46. Nd5+ Kd4 47. Nc7 Bc4 48. Na8 Be6 49. Nc7 Bd7 50. Na6 Kd5 51. Nc7+ Kc6 52. Na6 Bh3 53. Nb8+ Kc7 54. Na6+ Kc6 55. Nb8+ Kd5 56. Na6 Bc8 57. Nb8 Bf5 58. Na6 Bh3 59. Nb8 Bf1 60. Nd7 Kd4 61. Nb8 Bg2 62. Na6 Bd5 63. Nb8 Be4 64. Na6 Kd5 65. Nb8 Ke6 66. Kc3 Bg2 67. Kb4 Ke7 68. Na6 Kd7 69. Kc3 Kc6 70. Kd4 Kb5 71. Nc7+ Kb4 72. Ne6 a5 73. Nf4 Bf1 74. Nd5+ Kb3 75. Nc3 a4 0-1

[Event "Bratto op 23rd"]
[Site "Bratto"]
[Date "2003.08.21"]
[Round "1"]
[White "De Santis, Alessio"]
[Black "Frilli, Guido"]
[Result "1/2-1/2"]
[WhiteElo "2283"]
[BlackElo "2071"]
[PlyCount "166"]
[EventDate "2003.08.21"]
[EventType "swiss"]
[EventRounds "9"]
[EventCountry "ITA"]
[SourceTitle "EXT 2004"]
[Source "ChessBase"]
[SourceDate "2003.11.25"]
[SourceVersion "1"]
[SourceVersionDate "2003.11.25"]
[SourceQuality "1"]

1. d4 d5 2. c4 c6 3. Nc3 Nf6 4. g3 dxc4 5. Bg2 e6 6. Nf3 Be7 7. Ne5 0-0 8. 0-0 c5 9. dxc5 Bxc5 10. Nxc4 Nc6 11. Bf4 Qe7 12. Bd6 Bxd6 13. Qxd6 Qxd6 14. Nxd6 Ne7 15. Rfd1 Nf5 16. Nxc8 Raxc8 17. e4 Nh6 18. e5 Nfg4 19. Re1 Rc5 20. f4 Nf5 21. Bxb7 Rb8 22. Rad1 Rc7 23. Be4 Nge3 24. Rd3 Nc4 25. Bxf5 exf5 26. Re2 g6 27. b3 Na3 28. Nd5 Rc1+ 29. Kf2 Kg7 30. Ne3 Rb7 31. h3 h5 32. Rd5 Rbc7 33. Ra5 Nb1 34. Nd5 Rd7 35. b4 Rd1 36. Nf6 Rb7 37. a3 Rd3 38. Ne8+ Kf8 39. Nd6 Rc7 40. Nb5 Rcd7 41. Rxa7 Rxa7 42. Nxa7 Rxa3 43. Nb5 Rb3 44. Rc2 h4 45. gxh4 Rxb4 46. Nd6 Rxf4+ 47. Kg3 Rd4 48. Rc7 Nd2 49. Rxf7+ Kg8 50. Rf6 Kh7 51. h5 gxh5 52. Rxf5 Kg6 53. Rf6+ Kh7 54. Rf4 Rd3+ 55. Kh4 Nf3+ 56. Kxh5 Nxe5 57. Ne4 Rxh3+ 58. Kg5 Kg7 59. Kf5 Rh5+ 60. Ke6 Nd3 61. Rg4+ Kf8 62. Nf6 Re5+ 63. Kd6 Kf7 64. Nd7 Re6+ 65. Kd5 Re7 66. Nb6 Re8 67. Nc4 Rd8+ 68. Nd6+ Ke7 69. Rg7+ Kf6 70. Rf7+ Kg6 71. Rf3 Nb4+ 72. Ke6 Nc6 73. Rg3+ Kh5 74. Nf7 Re8+ 75. Kf6 Re1 76. Nd6 Nd4 77. Rg5+ Kh4 78. Rd5 Rf1+ 79. Ke5 Nf3+ 80. Ke4 Ng5+ 81. Ke3 Rf3+ 82. Ke2 Rf8 83. Nf5+ Kg4 1/2-1/2

[Event "Cesenatico op 8th"]
[Site "Cesenatico"]
[Date "2003.??.??"]
[Round "6"]
[White "Bernardi, Ruben"]
[Black "Frilli, Guido"]
[Result "1/2-1/2"]
[WhiteElo "2155"]
[BlackElo "2070"]
[PlyCount "92"]
[EventDate "2003.09.??"]
[EventType "swiss"]
[EventRounds "9"]
[EventCountry "ITA"]
[SourceTitle "EXT 2007"]
[Source "ChessBase"]
[SourceDate "2006.11.23"]
[SourceVersion "1"]
[SourceVersionDate "2006.11.23"]
[SourceQuality "1"]

1. Nf3 d5 2. g3 Bg4 3. Bg2 c6 4. d3 Nd7 5. Nbd2 e6 6. 0-0 Bd6 7. e4 Ne7 8. h3 Bh5 9. Qe1 0-0 10. c4 Bg6 11. Qe2 h6 12. Nh4 Bh7 13. d4 e5 14. dxe5 Nxe5 15. f4 Nxc4 16. Nxc4 dxc4 17. Qxc4 Qb6+ 18. Kh2 Rad8 19. Bf3 Bc5 20. Ng2 Nc8 21. a3 Nd6 22. Qc2 Nb5 23. b4 Bd4 24. Rb1 Rd6 25. Rb3 Rfd8 26. a4 Nc7 27. f5 Be5 28. Nf4 Qa6 29. Be2 Qxa4 30. Nd3 Bd4 31. Bf4 R6d7 32. Nb2 Qa2 33. Bxc7 Rxc7 34. Bc4 b5 35. Bxb5 Rdc8 36. Bc4 a5 37. Rc3 axb4 38. Bxa2 bxc3 39. Nd1 Ra7 40. Qb3 Rca8 41. Qc4 Rxa2+ 42. Kh1 c2 43. Qxc6 cxd1Q 44. Rxd1 Ra1 45. Rxa1 Rxa1+ 46. Kg2 g6 1/2-1/2

[Event "Cesenatico op 8th"]
[Site "Cesenatico"]
[Date "2003.??.??"]
[Round "9"]
[White "Frilli, Guido"]
[Black "Bucher, Michael"]
[Result "1/2-1/2"]
[WhiteElo "2070"]
[BlackElo "2165"]
[PlyCount "35"]
[EventDate "2003.09.??"]
[EventType "swiss"]
[EventRounds "9"]
[EventCountry "ITA"]
[SourceTitle "EXT 2007"]
[Source "ChessBase"]
[SourceDate "2006.11.23"]
[SourceVersion "1"]
[SourceVersionDate "2006.11.23"]
[SourceQuality "1"]

1. e4 c6 2. d4 d5 3. Nc3 dxe4 4. Nxe4 Nd7 5. Ng5 Ngf6 6. Bd3 e6 7. N1f3 Bd6 8. Qe2 h6 9. Ne4 Nxe4 10. Qxe4 Nf6 11. Qe2 Qc7 12. Bd2 b6 13. 0-0-0 Bb7 14. Ne5 0-0-0 15. f4 c5 16. dxc5 Bxc5 17. Ba6 Nd5 18. Bxb7+ 1/2-1/2